000 00367nam a2200133Ia 4500
008 151213s9999 xx 000 0 und d
100 _aDurgadas Bhattachargeo
245 _aAn International to Business Organization
_cDurgadas Bhattachargeo
300 _a2185 p.
650 _aManagement
650 _aManagement
700 _aDurgadas Bhattachargeo
999 _c1597
_d1597